[Event "POLFINAL MISTRZOSTW POLSKI JUNIOROW 2016 - C13"]
[Site "Centrum Kongresow i Rekreacji Orle Gniazdo ul. Wrzosowa 28a, Szczyrk"]
[Date "1899-12-30"]
[Round "7.3"]
[White "Markiewicz, Krzysztof"]
[Black "Kulesza, Andrzej"]
[Result "0-1"]
[WhiteTitle "II"]
[BlackTitle "I"]
[WhiteElo "1430"]
[BlackElo "1667"]

1. e4 c5 2. Nf3 d6 3. d4 cxd4 4. Nxd4 Nf6 5. Nc3 a6 6. Bd3 Nc6 7. Nb3 e6 8. Be3
Be7 9. f3 O-O 10. Qd2 b5 11. a3 Bb7 12. g4 Ne5 13. Be2 Nc4 14. Bxc4 bxc4 15. Nd4
d5 16. g5 Ne8 17. e5 Nc7 18. h4 Bc5 19. h5 Bxd4 20. Bxd4 Nb5 21. Nxb5 axb5 22.
Bc5 Re8 23. Rh3 Rc8 24. Bd4 Qe7 25. Bc3 Qd8 26. O-O-O d4 27. Bxd4 Qe7 28. g6 Red8
29. Qf4 Rf8 30. gxh7+ Kxh7 31. Bc3 Rg8 32. Bb4 Qe8 33. Rdh1 Rc7 34. Rg1 c3 35.
Bxc3 Rc4 36. Qg3 Qc6 37. Qg6+ Kh8 38. Qxf7 Rxc3 39. bxc3 Qxc3 40. Kb1 Qxa3 41.
h6 g6 42. Rxg6 Qb4+ 43. Kc1 Qe1+ 44. Kb2 Qxe5+ 45. Kc1 Qa1+ 46. Kd2 Rd8+ 47. Ke3
Qe5+ 48. Kf2 Rd2+ 49. Kf1 Qe2+ 50. Kg1 Rd1# 0-1

[Event "POLFINAL MISTRZOSTW POLSKI JUNIOROW 2016 - C13"]
[Site "Centrum Kongresow i Rekreacji Orle Gniazdo ul. Wrzosowa 28a, Szczyrk"]
[Date "1899-12-30"]
[Round "7.4"]
[White "Distel, Pawel"]
[Black "Grochol, Kamil"]
[Result "0-1"]
[WhiteTitle "II"]
[BlackTitle "II+"]
[WhiteElo "1471"]
[BlackElo "1655"]

1. e4 Nf6 2. e5 Nd5 3. d4 d6 4. c4 Nb6 5. f4 dxe5 6. fxe5 Nc6 7. Be3 Bf5 8. Nc3
e6 9. Nf3 Be7 10. Be2 O-O 11. O-O f6 12. exf6 Bxf6 13. Qd2 Qe7 14. Bd3 Rad8 15.
Bxf5 exf5 16. b3 Rd7 17. Rfe1 Qb4 18. Rac1 Rfd8 19. d5 Ne5 20. Nxe5 Bxe5 21. Bg5
Bxc3 22. Qxc3 Qxc3 23. Rxc3 Rf8 24. Rce3 h6 25. Be7 Re8 26. Bc5 Rxe3 27. Rxe3
Kf7 28. Kf2 c6 29. Bxb6 axb6 30. dxc6 bxc6 31. a4 Rd4 32. Ke2 g5 33. Rd3 Rxd3
34. Kxd3 Ke6 35. b4 Kd6 36. Kd4 c5+ 37. Kc3 cxb4+ 38. Kxb4 Kc6 39. c5 bxc5+ 40.
Kc4 f4 41. a5 g4 42. a6 f3 43. gxf3 gxf3 44. a7 0-1

[Event "POLFINAL MISTRZOSTW POLSKI JUNIOROW 2016 - C13"]
[Site "Centrum Kongresow i Rekreacji Orle Gniazdo ul. Wrzosowa 28a, Szczyrk"]
[Date "1899-12-30"]
[Round "7.5"]
[White "Wolaniecki, Patryk"]
[Black "Zabron, Maksym"]
[Result "1/2-1/2"]
[WhiteTitle "I"]
[BlackTitle "II+"]
[WhiteElo "1653"]
[BlackElo "1532"]

1. e4 d6 2. d4 Nf6 3. Nc3 g6 4. f4 Bg7 5. Nf3 O-O 6. Bd3 Na6 7. O-O c5 8. dxc5
Nxc5 9. Kh1 b6 10. Qe2 Bb7 11. Bd2 Rc8 12. Rae1 d5 13. e5 Nfe4 14. Nd4 e6 15.
Nd1 Nxd3 16. Qxd3 a5 17. c3 Bh6 18. Nf2 Ba6 19. Qe3 Bxf1 20. Rxf1 Nxd2 21. Qxd2
Qd7 22. g4 b5 23. g5 Bg7 24. Ng4 Rfd8 25. Qe1 Qe8 26. Qh4 b4 27. Rf3 Kh8 28. Rh3
Qg8 29. Qe1 bxc3 30. bxc3 Rd7 31. Nb5 Rb8 32. a4 d4 33. Nxd4 Rb2 34. Ne3 Qb8 35.
Qh4 Qa8+ 36. Kg1 Qg8 37. Nc4 Ra2 38. Nxa5 Rxa4 39. Nab3 Rc7 40. Nb5 Rd7 41. Nd6
Re7 42. c4 Rc7 43. Kf1 Raxc4 44. Nxc4 Rxc4 45. Re3 Qa8 46. Qg3 Bf8 47. Qf3 Qa6
48. Re2 Rc2 49. Ke1 Bb4+ 50. Kd1 Rc3 51. Re3 Rc8 52. Rd3 Qa2 53. Nd2 Qa7 54. Ke2
Qa6 1/2-1/2

[Event "POLFINAL MISTRZOSTW POLSKI JUNIOROW 2016 - C13"]
[Site "Centrum Kongresow i Rekreacji Orle Gniazdo ul. Wrzosowa 28a, Szczyrk"]
[Date "1899-12-30"]
[Round "7.6"]
[White "Trybus, Daniel"]
[Black "Bartoszewski-reiski, Olaf"]
[Result "0-1"]
[WhiteTitle "II+"]
[BlackTitle "II"]
[WhiteElo "1495"]
[BlackElo "1512"]

1. d4 Nf6 2. c4 g6 3. Nc3 Bg7 4. e4 d6 5. f3 O-O 6. Be3 b6 7. Nge2 c5 8. d5 e6
9. Qd2 exd5 10. cxd5 Nbd7 11. h4 Ba6 12. Nf4 Bxf1 13. Rxf1 Ne5 14. Qe2 Nh5 15.
Nxh5 Qxh4+ 16. Kd2 gxh5 17. Rh1 Qf6 18. Rxh5 b5 19. b3 Nc4+ 20. Kd1 Qxc3 21. Bc1
Qxa1 22. bxc4 Qd4+ 23. Ke1 bxc4 24. f4 Rfe8 25. Qg4 Rxe4+ 26. Kf1 Rae8 27. g3
Re1+ 28. Kg2 Qg1+ 29. Kh3 Qh1# 0-1

[Event "POLFINAL MISTRZOSTW POLSKI JUNIOROW 2016 - C13"]
[Site "Centrum Kongresow i Rekreacji Orle Gniazdo ul. Wrzosowa 28a, Szczyrk"]
[Date "1899-12-30"]
[Round "7.7"]
[White "Wangrat, Jan"]
[Black "Kania, Dominik"]
[Result "0-1"]
[WhiteTitle "II"]
[BlackTitle "II"]
[WhiteElo "1373"]
[BlackElo "1373"]

1. e4 Nf6 2. e5 Nd5 3. Nc3 Nb6 4. d4 d6 5. Nf3 g6 6. Be3 Bg7 7. Qd2 Nc6 8. exd6
cxd6 9. O-O-O Bg4 10. Be2 O-O 11. h3 Bxf3 12. Bxf3 Nc4 13. Qe2 Nxe3 14. Qxe3 Qb6
15. Ne2 Rfc8 16. Kb1 Qa5 17. Rd3 e5 18. Bxc6 Rxc6 19. dxe5 dxe5 20. Rd7 Qa4 21.
Qd3 e4 22. Rd8+ Bf8 23. Rxf8+ Rxf8 24. Qd1 Rb6 25. Re1 Qb4 26. Qc1 Rc8 27. Nf4
Rxc2 28. Kxc2 Rc6+ 29. Kb1 Rxc1+ 30. Rxc1 Qd2 31. g3 Qxf2 32. Rc7 Qxg3 33. Nd5
Qd3+ 34. Kc1 Qxd5 35. Rc3 Qd4 36. h4 e3 37. Rc2 Qf4 38. Rc8+ Kg7 39. Re8 e2+ 40.
Kc2 Qa4+ 41. Kd2 Qxe8 0-1

[Event "POLFINAL MISTRZOSTW POLSKI JUNIOROW 2016 - C13"]
[Site "Centrum Kongresow i Rekreacji Orle Gniazdo ul. Wrzosowa 28a, Szczyrk"]
[Date "1899-12-30"]
[Round "7.8"]
[White "Czarnomski, Dominik"]
[Black "Jaszczuk, Mateusz"]
[Result "1/2-1/2"]
[WhiteTitle "II"]
[BlackTitle "II"]
[WhiteElo "1357"]
[BlackElo "1382"]

1. e4 c5 2. Nc3 Nc6 3. Bb5 g6 4. Bxc6 bxc6 5. d3 Bg7 6. f4 d6 7. Nf3 Nf6 8. O-O
e5 9. fxe5 dxe5 10. Be3 Nd7 11. Na4 Qa5 12. b3 O-O 13. Rf2 f5 14. Qd2 Qb5 15.
Qc3 Qb4 16. a3 Qxc3 17. Nxc3 f4 18. Bd2 h6 19. h4 Re8 20. Rff1 Nf6 21. Na4 Bf8
22. Bc3 Ng4 23. Nh2 Ne3 24. Rf2 g5 25. hxg5 hxg5 26. Nf1 Nxf1 27. Rfxf1 g4 28.
Kf2 g3+ 29. Ke2 Bg4+ 30. Kd2 Bd6 31. Nb2 a5 32. Nc4 Bc7 33. Rh1 Re7 34. Rh4 Bd7
35. Rh5 Be8 36. Rg5+ Kf7 37. Bxe5 Bxe5 38. Rxe5 Rxe5 39. Nxe5+ Kf6 40. Nf3 Bh5
41. Ke2 Bg4 42. Rh1 Rg8 1/2-1/2

[Event "POLFINAL MISTRZOSTW POLSKI JUNIOROW 2016 - C13"]
[Site "Centrum Kongresow i Rekreacji Orle Gniazdo ul. Wrzosowa 28a, Szczyrk"]
[Date "1899-12-30"]
[Round "7.9"]
[White "Panek, Bartosz"]
[Black "Bien, Hubert"]
[Result "1-0"]
[WhiteTitle "II+"]
[BlackTitle "II"]
[WhiteElo "1460"]
[BlackElo "1408"]

1. e4 e6 2. Nf3 d5 3. e5 c5 4. b4 cxb4 5. d4 Nc6 6. a3 Bd7 7. axb4 Bxb4+ 8. c3
Be7 9. Bd3 f6 10. exf6 Nxf6 11. O-O O-O 12. Re1 Bd6 13. Bg5 h6 14. Bd2 Qc7 15.
h3 a6 16. Qc1 Rae8 17. Bg6 Re7 18. Na3 Be8 19. Bd3 e5 20. dxe5 Nxe5 21. Nxe5 Rxe5
22. Be3 Bf7 23. Qb2 Rfe8 24. Nc2 Bc5 25. Nd4 Bxd4 26. cxd4 R5e7 27. Rac1 Qd7 28.
Qb6 Qd8 29. Qb4 Ne4 30. Rc2 Rc7 31. Rb2 Re6 32. Reb1 b5 33. Ra1 Qd6 34. Qxd6 Rxd6
35. Rba2 Be8 36. Rxa6 Rxa6 37. Rxa6 1-0

[Event "POLFINAL MISTRZOSTW POLSKI JUNIOROW 2016 - C13"]
[Site "Centrum Kongresow i Rekreacji Orle Gniazdo ul. Wrzosowa 28a, Szczyrk"]
[Date "1899-12-30"]
[Round "7.10"]
[White "Skowron, Mateusz"]
[Black "Kalkowski, Igor"]
[Result "1/2-1/2"]
[WhiteTitle "I"]
[BlackTitle "II"]
[WhiteElo "1565"]
[BlackElo "1348"]

1. e4 d6 2. d4 Nf6 3. Nc3 c6 4. Bd3 e5 5. Nge2 Nbd7 6. h3 exd4 7. Nxd4 Nc5 8. Be3
Be7 9. Qd2 Nxd3+ 10. Qxd3 c5 11. Nde2 a6 12. Nf4 b5 13. Rd1 Bb7 14. O-O Qc7 15.
Nfd5 Nxd5 16. Nxd5 Bxd5 17. Qxd5 Rd8 18. Rd3 O-O 19. Rfd1 c4 20. Rc3 Bf6 21. Bd4
Bxd4 22. Qxd4 Qe7 23. f3 Qb7 24. Qd5 Qb6+ 25. Kf1 Rfe8 26. b3 Qa5 27. Qd4 Qxa2
28. bxc4 b4 29. Rb3 Qxc2 30. Rxb4 a5 31. Rb2 Qa4 32. Rb5 Rc8 33. Ra1 Qxc4+ 34.
Qxc4 Rxc4 35. Raxa5 g6 36. Rb7 Rc1+ 37. Kf2 Rc2+ 38. Kg3 h5 39. Raa7 Rf8 40. h4
Rc5 41. Rd7 Rc6 42. Ra5 Rb8 43. Raa7 Rf8 1/2-1/2

[Event "POLFINAL MISTRZOSTW POLSKI JUNIOROW 2016 - C13"]
[Site "Centrum Kongresow i Rekreacji Orle Gniazdo ul. Wrzosowa 28a, Szczyrk"]
[Date "1899-12-30"]
[Round "7.11"]
[White "Olsztynski, Jan"]
[Black "Smolen, Sebastian"]
[Result "0-1"]
[WhiteTitle "III"]
[BlackTitle "II"]
[WhiteElo "1122"]
[BlackElo "1292"]

1. e4 e5 2. d4 exd4 3. Bc4 Bc5 4. Bxf7+ Kxf7 5. Qh5+ g6 6. Qd5+ Kg7 7. Qxc5 Nc6
8. Nf3 d6 9. Qd5 Nf6 10. Qc4 Re8 11. O-O Rxe4 12. Nbd2 Be6 13. Qa4 d3 14. Nxe4
dxc2 15. Qxc2 Bf5 16. Nfd2 d5 17. f3 dxe4 18. fxe4 Be6 19. Nf3 Qe7 20. Bg5 h6
21. Bxf6+ Qxf6 22. a3 Qe7 23. Qc3+ Kh7 24. Ne5 Nb8 25. Qg3 g5 26. h4 Na6 27. hxg5
hxg5 28. Qh2+ Kg7 29. Qh5 Qc5+ 30. Rf2 Qxe5 31. Raf1 Qc5 32. e5 Qe3 33. Qe2 Qxe2
34. Rxe2 Bc4 35. Rfe1 Bxe2 36. Rxe2 Re8 37. Kf2 Kg6 38. Kf3 Kf5 39. g4+ Ke6 40.
Ke4 Nc5+ 41. Kd4 Nd7 42. b4 c6 43. a4 b5 44. a5 a6 45. Re3 Rc8 46. Rc3 Nxe5 47.
Re3 Rd8+ 48. Kc5 Kf6 49. Re4 Re8 50. Kd4 Nf3+ 51. Ke3 Rxe4+ 52. Kxe4 Ne1 53. Ke3
Nc2+ 54. Ke4 Nxb4 55. Kd4 Nd5 56. Kc5 b4 57. Kxc6 b3 58. Kb7 Nb4 59. Kb6 b2 60.
Ka7 b1=Q 0-1

[Event "POLFINAL MISTRZOSTW POLSKI JUNIOROW 2016 - C13"]
[Site "Centrum Kongresow i Rekreacji Orle Gniazdo ul. Wrzosowa 28a, Szczyrk"]
[Date "1899-12-30"]
[Round "8.1"]
[White "Bartoszewski-reiski, Olaf"]
[Black "Strzelecki, Maciej"]
[Result "1/2-1/2"]
[WhiteTitle "II"]
[BlackTitle "I"]
[WhiteElo "1512"]
[BlackElo "1721"]

1. e4 c5 2. Nf3 d6 3. d4 cxd4 4. Nxd4 Nf6 5. Nc3 a6 6. Bg5 e6 7. f4 Be7 8. Qf3
h6 9. Bh4 Qc7 10. O-O-O Nbd7 11. Qg3 g5 12. fxg5 Nh5 13. Qe3 Qc5 14. Qd2 hxg5
15. Nb3 Qe5 16. Bf2 Rg8 17. Be2 Nf4 18. Bd4 Nxe2+ 19. Qxe2 Qf4+ 20. Kb1 Qh4 21.
Rhe1 b5 22. Nd5 Bd8 23. e5 Bb7 24. Nf6+ Bxf6 25. exf6 Rc8 26. g3 Qh3 27. Bc3 d5
28. g4 Nc5 29. Nxc5 Rxc5 30. Bd4 Rc6 31. Rd3 Qh7 32. Bc3 Rc4 33. Bd4 Rc6 34. Bc3
Rc4 35. Bd4 Rc6 36. Bc3 Rc4 37. Bd4 Rc6 38. Bc3 Rc8 39. Bb4 1/2-1/2

[Event "POLFINAL MISTRZOSTW POLSKI JUNIOROW 2016 - C13"]
[Site "Centrum Kongresow i Rekreacji Orle Gniazdo ul. Wrzosowa 28a, Szczyrk"]
[Date "1899-12-30"]
[Round "8.2"]
[White "Grochol, Kamil"]
[Black "Oborski, Artur"]
[Result "1/2-1/2"]
[WhiteTitle "II+"]
[BlackTitle "II+"]
[WhiteElo "1655"]
[BlackElo "1718"]

1. e4 e6 2. d3 d5 3. Nd2 Nf6 4. Ngf3 Nc6 5. Be2 dxe4 6. dxe4 e5 7. c3 a5 8. O-O
Bc5 9. Qc2 O-O 10. b3 Qe7 11. a3 Be6 12. Bb2 Rfd8 13. b4 axb4 14. axb4 Rxa1 15.
Rxa1 Bb6 16. Nc4 Bxc4 17. Bxc4 h6 18. b5 Na7 19. Ba3 Qe8 20. Qe2 Nc8 21. Ne1 Nd6
22. Bxd6 Rxd6 23. Nd3 Nd7 24. Qh5 Rf6 25. g3 Kh7 26. Kg2 g6 27. Qe2 Nc5 28. f3
Nxd3 29. Bxd3 Rd6 30. Rd1 Qd8 31. Kh1 Bc5 32. Kg2 Bb6 33. Kh1 Bc5 34. Kg2 Bb6
35. Kh1 Bc5 36. Kg2 Bb6 1/2-1/2

[Event "POLFINAL MISTRZOSTW POLSKI JUNIOROW 2016 - C13"]
[Site "Centrum Kongresow i Rekreacji Orle Gniazdo ul. Wrzosowa 28a, Szczyrk"]
[Date "1899-12-30"]
[Round "8.3"]
[White "Kulesza, Andrzej"]
[Black "Zabron, Maksym"]
[Result "0-1"]
[WhiteTitle "I"]
[BlackTitle "II+"]
[WhiteElo "1667"]
[BlackElo "1532"]

1. e4 c6 2. d4 d5 3. Nc3 dxe4 4. Nxe4 Bf5 5. Ng3 Bg6 6. h4 h6 7. h5 Bh7 8. Nf3
Nf6 9. Bd3 Bxd3 10. Qxd3 e6 11. Bf4 Nbd7 12. O-O-O Be7 13. c4 Qa5 14. Kb1 O-O
15. Ne5 c5 16. Nxd7 Nxd7 17. Bd2 Qb6 18. Be3 f5 19. Ne2 Bf6 20. Qa3 cxd4 21. Bxd4
Qc6 22. Bxf6 Nxf6 23. Nd4 Qxg2 24. f3 Rfe8 25. Rhg1 Qh2 26. Qb4 Qxh5 27. Qxb7
Qf7 28. Qxf7+ Kxf7 29. Nb5 Re7 30. Nd6+ Kf8 31. Kc2 Ne8 32. b4 Nxd6 33. Rxd6 g5
34. Kb3 Kf7 35. a4 Kg6 36. c5 h5 37. b5 g4 38. f4 h4 39. c6 h3 40. Rd2 Kf6 41.
Kc4 e5 42. fxe5+ Rxe5 43. a5 Rc8 44. Rd6+ Re6 45. Rxe6+ Kxe6 46. Kc5 h2 47. Rh1
g3 48. b6 axb6+ 49. axb6 g2 50. Re1+ Kf6 51. b7 g1=Q+ 52. Kb5 Rxc6 53. b8=Q Qc5+
54. Ka4 Ra6+ 55. Kb3 Rb6+ 56. Qxb6+ Qxb6+ 57. Kc2 Qc6+ 58. Kd3 h1=R 59. Re2 Rh3+
60. Kd4 Qc3+ 0-1

[Event "POLFINAL MISTRZOSTW POLSKI JUNIOROW 2016 - C13"]
[Site "Centrum Kongresow i Rekreacji Orle Gniazdo ul. Wrzosowa 28a, Szczyrk"]
[Date "1899-12-30"]
[Round "8.4"]
[White "Wolaniecki, Patryk"]
[Black "Kujawa, Krzysztof"]
[Result "0-1"]
[WhiteTitle "I"]
[BlackTitle "II"]
[WhiteElo "1653"]
[BlackElo "1520"]

1. e4 c5 2. Nf3 e6 3. d4 cxd4 4. Nxd4 a6 5. Bd3 Bc5 6. Nb3 Be7 7. O-O Nc6 8. Be3
Nf6 9. f3 d5 10. exd5 Nxd5 11. Bf2 O-O 12. c3 Bd6 13. N1d2 Qc7 14. g3 b6 15. Ne4
Rd8 16. Nbd2 Ne5 17. Be2 Bb7 18. c4 Nb4 19. Qb3 Bc5 20. Nxc5 bxc5 21. Be3 Ng6
22. Qc3 Qe7 23. Nb3 Nc6 24. Nxc5 e5 25. Nxb7 Qxb7 26. Rad1 Nge7 27. Bd3 Rd7 28.
Be4 Rad8 29. Rxd7 Qxd7 30. Rf2 Nd4 31. Bxd4 exd4 32. Qd2 d3 33. f4 Qd4 34. Bg2
Qxc4 35. b3 Qd4 36. Bf1 Nf5 37. h3 Nxg3 38. Kh2 Ne4 0-1

[Event "POLFINAL MISTRZOSTW POLSKI JUNIOROW 2016 - C13"]
[Site "Centrum Kongresow i Rekreacji Orle Gniazdo ul. Wrzosowa 28a, Szczyrk"]
[Date "1899-12-30"]
[Round "8.5"]
[White "Kania, Dominik"]
[Black "Distel, Pawel"]
[Result "1-0"]
[WhiteTitle "II"]
[BlackTitle "II"]
[WhiteElo "1373"]
[BlackElo "1471"]

1. d4 Nf6 2. Nf3 g6 3. Bf4 d6 4. e3 Bg7 5. c4 O-O 6. Nc3 Nbd7 7. Bd3 b6 8. O-O
Bb7 9. Rc1 Re8 10. d5 e5 11. dxe6 fxe6 12. Bc2 Nc5 13. b4 Nce4 14. Nxe4 Nxe4 15.
Bxe4 Bxe4 16. c5 e5 17. Qb3+ d5 18. Bg5 Qd7 19. Nd2 Bf5 20. e4 Be6 21. exd5 Bxd5
22. Qd3 e4 23. Qe3 c6 24. Rfd1 Qf7 25. a3 b5 26. Nb1 Bb2 27. Rc2 Bf6 28. Bxf6
Qxf6 29. Rcd2 Rad8 30. Nc3 Re7 31. h3 Qe5 32. Nxd5 Rxd5 33. Rxd5 cxd5 34. Qd4
e3 35. fxe3 Qxe3+ 36. Qxe3 Rxe3 37. Rxd5 Rxa3 38. c6 Kf7 39. c7 Rc3 40. Rc5 1-0

[Event "POLFINAL MISTRZOSTW POLSKI JUNIOROW 2016 - C13"]
[Site "Centrum Kongresow i Rekreacji Orle Gniazdo ul. Wrzosowa 28a, Szczyrk"]
[Date "1899-12-30"]
[Round "8.6"]
[White "Markiewicz, Krzysztof"]
[Black "Panek, Bartosz"]
[Result "0-1"]
[WhiteTitle "II"]
[BlackTitle "II+"]
[WhiteElo "1430"]
[BlackElo "1460"]

1. e4 d5 2. exd5 Nf6 3. Nc3 Nxd5 4. Nxd5 Qxd5 5. Nf3 Bg4 6. Be2 Nc6 7. O-O e6 8.
d4 O-O-O 9. c3 h5 10. Be3 Be7 11. b4 g5 12. c4 Qd7 13. b5 Bxf3 14. bxc6 Bxc6 15.
Qb3 f5 16. Rab1 f4 17. Bd2 b6 18. Bc3 Rhg8 19. c5 Qd5 20. Qxd5 Bxd5 21. cxb6 cxb6
22. Rbc1 Kb7 23. Bxh5 Bxa2 24. Bf3+ Bd5 25. Bxd5+ exd5 26. Rfe1 Rge8 27. Re5 Ba3
28. Rce1 Rxe5 29. dxe5 Bc5 30. e6 d4 31. Bd2 Kc6 32. g3 fxg3 33. hxg3 Be7 34.
Kg2 a5 35. f4 gxf4 36. gxf4 Rd5 37. Kf3 a4 38. Bc1 a3 39. Bxa3 Bxa3 40. e7 Bxe7
41. Rxe7 b5 42. Ke4 d3 43. Re6+ Kc5 44. Re8 d2 45. Rc8+ Kb6 46. Kxd5 d1=Q+ 47.
Ke6 Qe2+ 48. Kf5 Qd3+ 49. Kg5 Qg3+ 50. Kh5 Qh3+ 51. Kg6 Qxc8 52. f5 b4 53. f6
b3 54. Kg7 b2 55. f7 Qg4+ 56. Kh8 b1=Q 57. f8=N Qh5+ 58. Kg7 Qb2+ 59. Kg8 Qbh8#
0-1

[Event "POLFINAL MISTRZOSTW POLSKI JUNIOROW 2016 - C13"]
[Site "Centrum Kongresow i Rekreacji Orle Gniazdo ul. Wrzosowa 28a, Szczyrk"]
[Date "1899-12-30"]
[Round "8.7"]
[White "Musiala, Jakub"]
[Black "Trybus, Daniel"]
[Result "1-0"]
[WhiteTitle "II+"]
[BlackTitle "II+"]
[WhiteElo "1590"]
[BlackElo "1495"]

1. e4 d5 2. exd5 Qxd5 3. Nc3 Qd6 4. d4 Nf6 5. Nf3 a6 6. h3 Nc6 7. Be3 Bf5 8. Bd3
Bxd3 9. Qxd3 e6 10. O-O O-O-O 11. a3 Be7 12. Rad1 h6 13. Rfe1 g5 14. b4 Rdg8 15.
d5 exd5 16. Bc5 Qd7 17. Bxe7 Nxe7 18. Ne5 Qe8 19. Qf3 Nd7 20. Nxd7 Qxd7 21. Qxf7
Re8 22. Nxd5 Nxd5 23. Qxd7+ Kxd7 24. Rxd5+ Kc6 25. Rc5+ Kb6 26. Kf1 Rd8 27. Re6+
c6 28. Re2 Rd4 29. c3 Rf4 30. a4 Rhf8 31. f3 R4f6 32. a5+ Kc7 33. Rce5 Kd7 34.
Re7+ Kd6 35. R2e4 R8f7 36. Rxf7 Rxf7 37. Ke2 Kd5 38. g3 c5 39. h4 Rg7 40. hxg5
hxg5 41. Rg4 Rg6 42. Kd3 Kc6 43. f4 Rd6+ 44. Ke4 gxf4 45. gxf4 Re6+ 46. Kf3 Rd6
47. Rg3 cxb4 48. cxb4 Rd4 49. Rg6+ Kc7 50. Rb6 Rd7 51. f5 Kd8 52. Re6 Rd3+ 53.
Kf4 Kd7 54. Re4 Rd1 55. f6 Kd8 56. Kf5 Rf1+ 57. Kg6 Rg1+ 58. Kf7 Rc1 59. Kf8 Rg1
60. f7 Rg6 61. Rd4+ Kc7 62. Ke7 1-0

[Event "POLFINAL MISTRZOSTW POLSKI JUNIOROW 2016 - C13"]
[Site "Centrum Kongresow i Rekreacji Orle Gniazdo ul. Wrzosowa 28a, Szczyrk"]
[Date "1899-12-30"]
[Round "8.8"]
[White "Jaszczuk, Mateusz"]
[Black "Wangrat, Jan"]
[Result "0-1"]
[WhiteTitle "II"]
[BlackTitle "II"]
[WhiteElo "1382"]
[BlackElo "1373"]

1. c4 f5 2. Nc3 g6 3. d4 Nf6 4. g3 Bg7 5. e3 O-O 6. Bg2 d6 7. Nge2 c6 8. d5 Qc7
9. O-O e5 10. Rb1 Nbd7 11. e4 fxe4 12. Nxe4 Nxe4 13. Bxe4 Nf6 14. Nc3 Nxe4 15.
Nxe4 c5 16. Ng5 Qe7 17. b4 Bf5 18. Rb3 cxb4 19. Rxb4 b6 20. Qe2 h6 21. Ne4 g5
22. g4 Bg6 23. Qc2 Rac8 24. f3 Qc7 25. Qb1 Bxe4 26. fxe4 Qc5+ 27. Kg2 Rxf1 28.
Kxf1 Rf8+ 29. Ke2 Qf2+ 30. Kd1 Qg2 31. Bd2 Rf1+ 32. Be1 Qf2 0-1

[Event "POLFINAL MISTRZOSTW POLSKI JUNIOROW 2016 - C13"]
[Site "Centrum Kongresow i Rekreacji Orle Gniazdo ul. Wrzosowa 28a, Szczyrk"]
[Date "1899-12-30"]
[Round "8.9"]
[White "Kalkowski, Igor"]
[Black "Czarnomski, Dominik"]
[Result "1/2-1/2"]
[WhiteTitle "II"]
[BlackTitle "II"]
[WhiteElo "1348"]
[BlackElo "1357"]

1. d4 e6 2. e4 d5 3. Nc3 Nf6 4. e5 Nfd7 5. f4 c5 6. Nf3 Nc6 7. Bd3 cxd4 8. Ne2
f6 9. Nfxd4 Nxd4 10. Nxd4 Qb6 11. exf6 Nxf6 12. Nb3 Bd6 13. Qe2 O-O 14. Be3 Qc7
15. O-O Bd7 16. c3 b6 17. Rae1 Bc5 18. Nd4 Rae8 19. Bd2 Qd6 20. Kh1 Bxd4 21. cxd4
Rc8 22. a3 Qc7 23. Bb4 Rfe8 24. Qf3 a5 25. Bc3 Rb8 26. Rc1 Qd8 27. h3 Qe7 28.
Rfe1 Qf7 29. Re5 Rf8 30. Rf1 g6 31. Kh2 b5 32. b4 a4 33. g4 Rbc8 34. Rc1 Rc7 35.
Kg3 Rfc8 36. Bb1 Kg7 37. Qe3 Be8 38. Qf3 Bd7 39. Qe3 Be8 40. Qf3 Bd7 41. Qe3 Be8
1/2-1/2

[Event "POLFINAL MISTRZOSTW POLSKI JUNIOROW 2016 - C13"]
[Site "Centrum Kongresow i Rekreacji Orle Gniazdo ul. Wrzosowa 28a, Szczyrk"]
[Date "1899-12-30"]
[Round "8.10"]
[White "Olsztynski, Jan"]
[Black "Skowron, Mateusz"]
[Result "0-1"]
[WhiteTitle "III"]
[BlackTitle "I"]
[WhiteElo "1122"]
[BlackElo "1565"]

1. e4 c6 2. d4 d5 3. e5 Bf5 4. Nf3 e6 5. c3 c5 6. a3 Nc6 7. Be3 cxd4 8. cxd4 Qb6
9. b4 a5 10. b5 Na7 11. Nc3 Rc8 12. Qd2 Qd8 13. Bd3 Ne7 14. h3 Qd7 15. O-O Bxd3
16. Qxd3 Ng6 17. Rfb1 Be7 18. Na4 Qd8 19. Nc5 Bxc5 20. dxc5 Ra8 21. Rc1 Qd7 22.
Rab1 O-O 23. c6 bxc6 24. Bxa7 Rxa7 25. bxc6 Qc7 26. Qd4 Rc8 27. Qb6 h6 28. Qc5
Ra6 29. Rb7 Qxc6 30. Qxc6 Raxc6 31. Rxc6 Rxc6 32. Ra7 Rc5 33. a4 Nf4 34. Nd4 Rc4
35. Nb3 Rxa4 36. Nxa5 Nd3 37. Nc6 Rxa7 38. Nxa7 Nxe5 39. Nb5 Kh7 40. Kf1 Kg6 41.
Nd4 Nc4 42. Ke2 e5 43. Nf3 Kf5 44. g3 Ke4 45. h4 f5 46. Ne1 d4 47. f3+ Kd5 48.
Nc2 e4 49. fxe4+ fxe4 50. Kd1 Ne3+ 51. Nxe3+ dxe3 52. Ke2 Kd4 53. g4 g6 54. h5
g5 55. Ke1 Ke5 56. Ke2 Kf4 57. Ke1 Kxg4 58. Ke2 Kxh5 59. Kxe3 Kg4 60. Kxe4 h5
0-1

[Event "POLFINAL MISTRZOSTW POLSKI JUNIOROW 2016 - C13"]
[Site "Centrum Kongresow i Rekreacji Orle Gniazdo ul. Wrzosowa 28a, Szczyrk"]
[Date "1899-12-30"]
[Round "8.11"]
[White "Smolen, Sebastian"]
[Black "Bien, Hubert"]
[Result "0-1"]
[WhiteTitle "II"]
[BlackTitle "II"]
[WhiteElo "1292"]
[BlackElo "1408"]

1. e4 e6 2. d4 d5 3. e5 c5 4. c3 Nc6 5. Nf3 Qb6 6. Bd3 Bd7 7. dxc5 Bxc5 8. O-O
Qc7 9. Qe2 Nge7 10. Re1 Ng6 11. h4 h6 12. g4 Be7 13. g5 hxg5 14. Bxg5 Nxh4 15.
Nbd2 Nxf3+ 16. Nxf3 Qd8 17. Bf4 Bh4 18. Qd2 Be7 19. Kg2 Qc7 20. Nd4 O-O-O 21.
Nb5 Qb8 22. Be3 a6 23. Nd4 Nxd4 24. cxd4 Bc6 25. Rac1 Kd7 26. Rc2 Rc8 27. Qe2
Ba4 28. Rxc8 Rxc8 29. Qh5 Rf8 30. Qh7 Rh8 31. Bb5+ Bxb5 32. Qc2 Qc8 33. Qd1 Bb4
34. Rg1 Qd8 35. Qf3 f5 36. Qg3 Qe7 37. Kf3 Re8 38. Qg6 Rf8 39. Bg5 Qf7 40. Qh7
g6 41. Qh6 Rg8 42. Rh1 Be7 43. Qh4 Bxg5 44. Qxg5 Bd3 45. Kg3 f4+ 46. Qxf4 Qxf4+
47. Kxf4 Rg7 48. Kg5 Rf7 49. Rh2 Rf5+ 50. Kg4 Be2+ 51. Kg3 Rh5 52. Rxh5 Bxh5 53.
Kf4 Ke7 54. Kg5 Kf7 55. Kh6 Bg4 56. Kg5 Bf5 57. Kh6 Ke7 58. Kg5 Kf8 59. Kh6 Kg8
60. b4 b6 61. a3 a5 62. f3 axb4 63. axb4 b5 64. Kg5 Kg7 65. f4 Be4 66. Kh4 Kh6
67. Kg4 Bd3 68. Kh4 Bf5 69. Kg3 Kh5 70. Kf3 Kh4 71. Kf2 Kg4 72. Ke3 Kg3 0-1

[Event "POLFINAL MISTRZOSTW POLSKI JUNIOROW 2016 - C13"]
[Site "Centrum Kongresow i Rekreacji Orle Gniazdo ul. Wrzosowa 28a, Szczyrk"]
[Date "1899-12-30"]
[Round "9.1"]
[White "Zabron, Maksym"]
[Black "Strzelecki, Maciej"]
[Result "0-1"]
[WhiteTitle "II+"]
[BlackTitle "I"]
[WhiteElo "1532"]
[BlackElo "1721"]

1. Nf3 d5 2. d4 e6 3. c4 Nf6 4. Nc3 Be7 5. Bg5 h6 6. Bh4 O-O 7. e3 b6 8. cxd5 Nxd5
9. Bxe7 Qxe7 10. Nxd5 exd5 11. Be2 Be6 12. O-O c5 13. dxc5 bxc5 14. Rc1 Nd7 15.
Bb5 Rfc8 16. Qe2 Rab8 17. Rfd1 Qd6 18. a4 Ne5 19. Nxe5 Qxe5 20. Rd2 c4 21. Rdc2
Bf5 22. Rc3 Qe6 23. Qf3 Be4 24. Qh3 Bf5 25. Qf3 g6 26. b3 a6 27. bxc4 axb5 28.
cxb5 Rxc3 29. Rxc3 Qe5 30. Rc1 Qb2 31. Qd1 Be6 32. Rb1 Qc3 33. b6 Bf5 34. Rb5
Bc2 35. Qc1 Qc4 36. Rb2 Bxa4 37. Qe1 Bb5 38. Qb1 Rxb6 39. Rc2 Qg4 40. Rb2 Bd3
41. Qxd3 Rxb2 0-1

[Event "POLFINAL MISTRZOSTW POLSKI JUNIOROW 2016 - C13"]
[Site "Centrum Kongresow i Rekreacji Orle Gniazdo ul. Wrzosowa 28a, Szczyrk"]
[Date "1899-12-30"]
[Round "9.2"]
[White "Oborski, Artur"]
[Black "Kania, Dominik"]
[Result "1-0"]
[WhiteTitle "II+"]
[BlackTitle "II"]
[WhiteElo "1718"]
[BlackElo "1373"]

1. Nf3 Nf6 2. c4 g6 3. g3 Bg7 4. Bg2 O-O 5. O-O d6 6. Nc3 Nc6 7. d3 Bg4 8. Rb1
Bxf3 9. Bxf3 Nd7 10. Bd2 e5 11. b4 Rb8 12. b5 Nd4 13. Bg2 Nc5 14. e3 Nf5 15. Qc2
Ne7 16. Na4 Nxa4 17. Qxa4 Nc8 18. Bb4 f5 19. c5 f4 20. cxd6 cxd6 21. Qb3+ Kh8
22. exf4 exf4 23. Bc3 fxg3 24. Bxg7+ Kxg7 25. Qc3+ Qf6 26. Qxf6+ Rxf6 27. fxg3
Ne7 28. Rfe1 Rf7 29. g4 Nc8 30. Re8 Rf8 31. Rbe1 Nb6 32. Rxb8 Rxb8 33. Re7+ Kg8
34. Rxb7 Rxb7 35. Bxb7 Kg7 36. Kf2 Kf6 37. h4 Ke5 38. Ke3 Na4 39. d4+ Ke6 40.
Kd3 d5 41. Bc6 Nb2+ 42. Kd2 Nc4+ 43. Ke2 Nd6 44. a4 h5 45. gxh5 gxh5 46. a5 Nf5
47. Kd3 Nxh4 48. b6 axb6 49. a6 1-0